000 00882nam a22002297a 4500
005 20250807121105.0
010 _aENG-146372
020 _c330.00
_a9789361638565
035 _aEN-129904
037 _bDBAD
082 _a361.7630954
_21
245 _aPerspectives of Education Part I Transforming Education:
_bPerspectives on Modern Pedagogical Practices/
_cEdited by S. Arockia Elizabeth Josephine...[et.al]
250 _a1
260 _aTamil Nadu
_bStella Matutina College of Education
_c2025
270 _a86th Street, Kamarajar Salai, Ashok Nagar
_bTamil Nadu
_e600083
_msmcedn@gmail.com
300 _a97p.
_c25cm(pb)
700 _aM. Irudhaya Mary
_eEditor
_974400
700 _aJosephine, Arockia Elizabeth
_eEditor
_983939
700 _aVayola, Sheeja
_eEditor
_983940
700 _aB. Annapoorani
_eEditor
_983941
942 _2ddc
_cEN
_h361.7630954
_mPER
999 _c212936
_d212936